Statistiques concernant Liste des films Pirates des Caraïbes

Cliquez ici pour prendre le quiz!

Statistiques générales

  • Ce quiz a été pris 883 fois
  • Le résultat moyen est 2 sur 5

Statistiques - réponses

Réponse% Correct
La Malédiction du Black Pearl
79%
La Fontaine de Jouvence
54%
Jusqu'au bout du Monde
44%
Le Secret du Coffre Maudit
39%
La Vengeance de Salazar
28%

Distribution des résultats

Percentile par nombre de réponses

% des personnes avec chaque résultat

Votre développement - résultats

Vous n’avez pas pris ce quiz